Potencjal firmy a jej innowacyjnosc.
Technologický a finančný potenciál firmy tvoria: potenciál vecný, ľudský, vedeckotechnická základňa, doterajší technický rozvoj a finančný potenciál, ktoré autorka vysvetľuje. Rozoberá najmä najpokrokovejšie stratégie technického rozvoja a skúsenosti v tomto smere. Finančná pomoc malým a stredným fi...
Saved in:
| Main Author: | |
|---|---|
| Format: | Book Chapter |
| Language: | Polish |
| Subjects: | |
| Tags: |
No Tags, Be the first to tag this record!
|
MARC
| LEADER | 00000naa a2200000 4500 | ||
|---|---|---|---|
| 001 | r006262 | ||
| 005 | 20221125122543.1 | ||
| 041 | 0 | |a pol | |
| 044 | |a PL | ||
| 245 | 1 | 0 | |a Potencjal firmy a jej innowacyjnosc. |c Z. Fengler |
| 520 | |a Technologický a finančný potenciál firmy tvoria: potenciál vecný, ľudský, vedeckotechnická základňa, doterajší technický rozvoj a finančný potenciál, ktoré autorka vysvetľuje. Rozoberá najmä najpokrokovejšie stratégie technického rozvoja a skúsenosti v tomto smere. Finančná pomoc malým a stredným firmám. | ||
| 610 | 2 | 0 | |a firmy |
| 610 | 2 | 0 | |a potenciál výrobný |
| 610 | 2 | 0 | |a financie podnikové |
| 610 | 2 | 0 | |a technológia |
| 610 | 2 | 0 | |a rozvoj technický výroby |
| 610 | 2 | 0 | |a podnik malý |
| 610 | 2 | 0 | |a podnik stredný |
| 610 | 2 | 0 | |a stratégia podniková |
| 610 | 2 | 0 | |a inovácia |
| 100 | 1 | |a Fengler, Z. | |